Largest Cities in Lazio - Statistics

General Stats
  • This quiz has been taken 90 times
  • The average score is 7 of 15
Answer Stats
Population City % Correct
2,864,731 Rome
100%
125,985 Latina
93%
67,173 Viterbo
76%
46,323 Frosinone
68%
47,698 Rieti
54%
56,533 Tivoli
53%
54,211 Anzio
41%
78,395 Fiumicino
37%
62,966 Pomezia
34%
73,446 Aprilia
32%
53,303 Velletri
32%
52,991 Civitavecchia
29%
49,167 Nettuno
27%
88,673 Guidonia Montecelio
24%
49,183 Ardea
14%
No matching quizzes found
Score Distribution
Percent of People with Each Score
Percentile by Number Answered
Your Score History
You have not taken this quiz